00654nam a2200205Ia 450000500170000000800410001702000180005804000180007604100080009408200230010210000290012524500950015425000120024926000430026130000170030465000480032165000290036965000310039870000190042920220917112209.0210716s2011 xx 000 0 und d a9788131516706 cAIMIT LIBRARY aeng a621.3821 23bAGRD aAgrawal, Dharma Prakash. aIntroduction to wireless and mobile systems /cBy Dharma Prakash Agrawal and Qing An Zeng. a3rd ed. aNew Delhi :bCengage Learning ,c2012. axxvi,572p. ; aProbability statistics and traffic theories aMobile radio propagation aTraffic channel allocation aAn Zeng, Qing.